书目信息 |
| 题名: |
行政诉讼法学
|
|
| 作者: | 胡肖华 主编 | |
| 分册: | ||
| 出版信息: | 长沙 中南工业大学出版社 1997.12 |
|
| 页数: | 323页 | |
| 开本: | 32开 | |
| 丛书名: | ||
| 单 册: | ||
| 中图分类: | D925.3 | |
| 科图分类: | ||
| 主题词: | 法律--中国 | |
| 电子资源: | ||
| ISBN: | 7-81061-050-3 | |
| 000 | 00552nam0 2200193 45 | |
| 001 | 0007241095 | |
| 005 | 20000724105533.3 | |
| 010 | @a7-81061-050-3@d13.00元 | |
| 100 | @a20000724d1997 km y0chiy0120 ea | |
| 101 | 0 | @achi |
| 105 | @a z 000yy | |
| 200 | 1 | @a行政诉讼法学@AXing Zheng Su Song Fa Xue@f胡肖华 主编@FHu Xiao Hua Zhu Bian |
| 210 | @a长沙@c中南工业大学出版社@d1997.12 | |
| 215 | @a323页@d32开 | |
| 606 | 0 | @a法律@x中国 |
| 690 | @aD925.3@v3 | |
| 701 | 0 | @a胡肖华@4主编 |
| 801 | @aCN@bPftUser@c20000724 | |
| 905 | @b75755-757@dD925.3@eH476@f3 | |
| 行政诉讼法学/胡肖华 主编.-长沙:中南工业大学出版社,1997.12 |
| 323页;32开 |
| ISBN 7-81061-050-3:13.00元 |
| ● |
| 相关链接 |
|
|
|
正题名:行政诉讼法学
索取号:D925.3/H476
 
预约/预借
| 序号 | 登录号 | 条形码 | 馆藏地/架位号 | 状态 | 备注 |
| 1 | 75755 | 200757555 | 社科库509/422社科库 38排2列1层/ [索取号:D925.3/H476] | 在馆 | |
| 2 | 75756 | 200757564 | 社科库509/422社科库 38排2列1层/ [索取号:D925.3/H476] | 在馆 | |
| 3 | 75757 | 200757573 | 社科库509/422社科库 38排2列1层/ [索取号:D925.3/H476] | 在馆 |